[Event "SLO-chT U16"]
[Site "Nova Gorica"]
[Date "2019.05.26"]
[Round "4"]
[White "Strazisnik, Enej"]
[Black "Cigut, Matjaz"]
[Result "0-1"]
[WhiteElo "1183"]
[BlackElo "1132"]
[PlyCount "70"]
[EventDate "2019.05.24"]
[EventType "team-swiss"]
[EventRounds "5"]
[EventCountry "SLO"]
[SourceTitle "EXT 2020"]
[Source "ChessBase"]
[SourceDate "2019.10.17"]
[SourceVersion "1"]
[SourceVersionDate "2019.10.17"]
[SourceQuality "1"]

1. d4 d5 2. Nf3 Nf6 3. c4 e6 4. g3 Be7 5. Bg2 0-0 6. 0-0 Nbd7 7. Qc2 b6 8. cxd5 exd5 9. Nc3 Bb7 10. Bf4 c6 11. Rab1 Re8 12. b4 Rc8 13. Qa4 a6 14. a3 Bf8 15. e3 Ne4 16. Qc2 Ndf6 17. Bh3 Ra8 18. Ne5 Nd6 19. Ne2 Nc4 20. Nxc4 dxc4 21. Qxc4 Ne4 22. Qc2 Bc8 23. Bg2 Bf5 24. Qxc6 Rc8 25. Qa4 Nd2 26. Rbc1 Nxf1 27. Rxf1 Bd3 28. Re1 Bb5 29. Qb3 Qd7 30. h4 Bxe2 31. Rxe2 Rc1+ 32. Kh2 Rec8 33. Bh3 Rh1+ 34. Kg2 Qxh3+ 35. Kf3 Qf5 0-1

[Event "SLO-CupT"]
[Site "Dobrna"]
[Date "2019.04.14"]
[Round "5"]
[White "Nareks, Matic"]
[Black "Strazisnik, Enej"]
[Result "1-0"]
[WhiteElo "1900"]
[BlackElo "1199"]
[PlyCount "47"]
[EventDate "2019.04.12"]
[EventType "team-swiss"]
[EventRounds "5"]
[EventCountry "SLO"]
[SourceTitle "EXT 2020"]
[Source "ChessBase"]
[SourceDate "2019.10.17"]
[SourceVersion "1"]
[SourceVersionDate "2019.10.17"]
[SourceQuality "1"]
[WhiteTeam "Celjski"]
[BlackTeam "Slovenj Gradec"]
[WhiteTeamCountry "SLO"]
[BlackTeamCountry "SLO"]

1. e4 e5 2. Nf3 Nc6 3. Bc4 Bc5 4. 0-0 Nf6 5. d3 h6 6. Nbd2 0-0 7. Re1 d6 8. c3 a6 9. Bb3 Ba7 10. Nf1 Ne7 11. Ng3 Ng6 12. h3 Re8 13. d4 c6 14. Bc2 Qc7 15. Be3 b5 16. Qd2 Bb7 17. Nf5 Nf4 18. Bxf4 exf4 19. Qxf4 Kh7 20. Nxd6 Re6 21. e5+ Kh8 22. Nxb7 Qxb7 23. exf6 Rxf6 24. Qe4 1-0

[Event "SLO-chT U16"]
[Site "Murska Sobota"]
[Date "2018.05.13"]
[Round "4"]
[White "Javornik, Nik"]
[Black "Strazisnik, Enej"]
[Result "1-0"]
[WhiteElo "1355"]
[BlackElo "1159"]
[PlyCount "107"]
[EventDate "2018.05.11"]
[EventType "team-swiss"]
[EventRounds "5"]
[EventCountry "SLO"]
[SourceTitle "EXT 2020"]
[Source "ChessBase"]
[SourceDate "2019.10.17"]
[SourceVersion "1"]
[SourceVersionDate "2019.10.17"]
[SourceQuality "1"]

1. e4 e5 2. Nf3 Nc6 3. Bb5 a6 4. Ba4 Nf6 5. 0-0 b5 6. Bb3 Bc5 7. Nxe5 Nxe5 8. d4 Bd6 9. f4 Nc6 10. e5 Be7 11. exf6 Bxf6 12. Re1+ Be7 13. d5 Na5 14. d6 cxd6 15. Qxd6 Nc6 16. Bd5 0-0 17. Rxe7 Nxe7 18. Bxa8 Re8 19. Bd2 Nf5 20. Qd3 Qb6+ 21. Kh1 Nd6 22. Nc3 Nc4 23. b3 Nxd2 24. Qxd2 Qe6 25. Be4 Qf6 26. Re1 g6 27. Nd5 Qd6 28. Qb4 Qxb4 29. Nxb4 f5 30. Bd5+ Kf8 31. Rxe8+ Kxe8 32. Kg1 Ke7 33. Kf2 d6 34. Ke3 Kf6 35. c4 bxc4 36. Bxc4 a5 37. Nc6 Bb7 38. Nxa5 Bxg2 39. b4 Kg7 40. b5 Kh6 41. b6 Kh5 42. b7 Bxb7 43. Nxb7 Kh4 44. Bf1 h5 45. Nxd6 g5 46. Nxf5+ Kg4 47. Nh6+ Kh4 48. fxg5 Kxg5 49. Be2 h4 50. Ng4 h3 51. Bf1 Kh4 52. Bxh3 Kg5 53. a4 Kf5 54. a5 1-0

[Event "SLO-chT U16"]
[Site "Murska Sobota"]
[Date "2018.05.12"]
[Round "2"]
[White "Lugaric, Liam"]
[Black "Strazisnik, Enej"]
[Result "1/2-1/2"]
[WhiteElo "1086"]
[BlackElo "1159"]
[PlyCount "78"]
[EventDate "2018.05.11"]
[EventType "team-swiss"]
[EventRounds "5"]
[EventCountry "SLO"]
[SourceTitle "EXT 2020"]
[Source "ChessBase"]
[SourceDate "2019.10.17"]
[SourceVersion "1"]
[SourceVersionDate "2019.10.17"]
[SourceQuality "1"]

1. e4 e5 2. Nf3 Nc6 3. d4 exd4 4. Nxd4 Nf6 5. Nxc6 bxc6 6. Bd3 d5 7. Qe2 Be7 8. h3 dxe4 9. Bxe4 Nxe4 10. Qxe4 Bb7 11. 0-0 0-0 12. Re1 Re8 13. Bd2 Qd7 14. Qf3 Bf6 15. Rxe8+ Rxe8 16. Bc3 Bxc3 17. Nxc3 Qd2 18. Qd1 Qd8 19. Qxd8 Rxd8 20. Re1 Kf8 21. Rd1 Rxd1+ 22. Nxd1 Ke7 23. f3 g6 24. Kf2 Kd6 25. Ke3 Ke5 26. f4+ Kd6 27. g4 Bc8 28. Nf2 f5 29. g5 Be6 30. b3 c5 31. c4 c6 32. Nd3 Bf7 33. a4 a5 34. h4 Be6 35. Ne5 Bg8 36. Kf3 Be6 37. Kg3 Bd7 38. h5 Be8 39. Kh4 Ke7 1/2-1/2

[Event "SLO-chT U16"]
[Site "Murska Sobota"]
[Date "2018.05.12"]
[Round "3"]
[White "Strazisnik, Enej"]
[Black "Ferfole, Ziga"]
[Result "1-0"]
[WhiteElo "1159"]
[BlackElo "1615"]
[PlyCount "83"]
[EventDate "2018.05.11"]
[EventType "team-swiss"]
[EventRounds "5"]
[EventCountry "SLO"]
[SourceTitle "EXT 2020"]
[Source "ChessBase"]
[SourceDate "2019.10.17"]
[SourceVersion "1"]
[SourceVersionDate "2019.10.17"]
[SourceQuality "1"]

1. d4 e6 2. c4 Nf6 3. Nc3 Be7 4. e4 d6 5. Nf3 c5 6. dxc5 dxc5 7. Qxd8+ Bxd8 8. e5 Nfd7 9. Bd3 0-0 10. 0-0 Nc6 11. Re1 Bc7 12. Bf4 b6 13. Nb5 Bb8 14. Rad1 a6 15. Nc3 Rd8 16. Be4 Bb7 17. b3 Bc7 18. Bg5 f6 19. exf6 gxf6 20. Bh4 Nde5 21. Bxf6 Rxd1 22. Rxd1 Rb8 23. Bxc6 Nxf3+ 24. Bxf3 Bxf3 25. gxf3 Rf8 26. Ne4 a5 27. Rd7 Rc8 28. Rg7+ Kf8 29. Rxh7 Kg8 30. Rd7 Kf8 31. Ng5 Ke8 32. Re7+ Kf8 33. Nxe6+ Kg8 34. Rg7+ Kh8 35. Rxc7+ Kg8 36. Rxc8+ Kf7 37. Rc6 Kxf6 38. Nxc5+ Ke7 39. Nd7 Kxd7 40. Rg6 b5 41. cxb5 a4 42. bxa4 1-0

[Event "SLO-chT U16"]
[Site "Murska Sobota"]
[Date "2018.05.11"]
[Round "1"]
[White "Strazisnik, Enej"]
[Black "Acimovic, Sergej"]
[Result "0-1"]
[WhiteElo "1159"]
[BlackElo "1831"]
[PlyCount "58"]
[EventDate "2018.05.11"]
[EventType "team-swiss"]
[EventRounds "5"]
[EventCountry "SLO"]
[SourceTitle "EXT 2020"]
[Source "ChessBase"]
[SourceDate "2019.10.17"]
[SourceVersion "1"]
[SourceVersionDate "2019.10.17"]
[SourceQuality "1"]

1. d4 Nf6 2. c4 g6 3. Nc3 Bg7 4. e4 d6 5. Nf3 0-0 6. Be2 e5 7. 0-0 Nc6 8. d5 Ne7 9. a3 Nd7 10. Ne1 f5 11. Nd3 f4 12. f3 g5 13. Bd2 Nf6 14. c5 h5 15. cxd6 cxd6 16. Nf2 Rf7 17. a4 Bf8 18. a5 Rg7 19. h3 Kh8 20. a6 b6 21. Nb5 Neg8 22. b4 Nh6 23. Re1 g4 24. hxg4 hxg4 25. fxg4 Nfxg4 26. Bf1 Nxf2 27. Kxf2 Qh4+ 28. Kg1 Ng4 29. Be2 Qf2+ 0-1

[Event "SLO-ch U12"]
[Site "Ptuj"]
[Date "2017.03.03"]
[Round "9"]
[White "Strazisnik, Enej"]
[Black "Siraj, Svit"]
[Result "0-1"]
[WhiteElo "1747"]
[BlackElo "1475"]
[PlyCount "118"]
[EventDate "2017.02.27"]
[EventType "swiss"]
[EventRounds "9"]
[EventCountry "SLO"]
[SourceTitle "CBM 177 Extra"]
[Source "ChessBase"]
[SourceDate "2017.04.27"]
[SourceVersion "1"]
[SourceVersionDate "2017.04.27"]
[SourceQuality "1"]

1. e4 c5 2. Nf3 d6 3. Bb5+ Bd7 4. Bxd7+ Qxd7 5. 0-0 g6 6. c3 Bg7 7. d4 Nf6 8. Re1 0-0 9. h3 Qb5 10. Qe2 Qxe2 11. Rxe2 Nc6 12. Bg5 e5 13. d5 Nd8 14. Nbd2 b6 15. c4 Nd7 16. Be7 Re8 17. Bg5 h6 18. Bxd8 Raxd8 19. Rd1 Rb8 20. a4 a6 21. b3 b5 22. axb5 axb5 23. Nf1 bxc4 24. bxc4 Rb4 25. Rc1 Ra8 26. Rec2 Raa4 27. Ng3 h5 28. h4 f6 29. Ne2 Bh6 30. Nc3 Ra3 31. Nb5 Rxb5 32. cxb5 Bxc1 33. Rxc1 Rb3 34. Ra1 Rxb5 35. Ra8+ Kf7 36. Ra7 Ke8 37. Ra8+ Ke7 38. Rh8 Nf8 39. g3 Kf7 40. Kg2 Kg7 41. Rxf8 Kxf8 42. Kf1 Ke7 43. Ke1 Kd7 44. Nd2 Kc7 45. f4 Rb2 46. Ke2 Rxd2+ 47. Kxd2 Kb6 48. Kc3 Kb5 49. Kb3 c4+ 50. Kc3 Kc5 51. fxe5 fxe5 52. Kd2 Kd4 53. Kc2 c3 54. Kc1 Kxe4 55. Kc2 Kd4 56. Kc1 e4 57. Kd1 e3 58. g4 hxg4 59. h5 gxh5 0-1

[Event "SLO-ch U12"]
[Site "Ptuj"]
[Date "2017.03.02"]
[Round "7"]
[White "Centrih, Aleks"]
[Black "Strazisnik, Enej"]
[Result "0-1"]
[WhiteElo "1687"]
[BlackElo "1747"]
[PlyCount "114"]
[EventDate "2017.02.27"]
[EventType "swiss"]
[EventRounds "9"]
[EventCountry "SLO"]
[SourceTitle "CBM 177 Extra"]
[Source "ChessBase"]
[SourceDate "2017.04.27"]
[SourceVersion "1"]
[SourceVersionDate "2017.04.27"]
[SourceQuality "1"]

1. e4 c5 2. Nf3 d6 3. Bb5+ Nc6 4. 0-0 Nf6 5. Re1 g6 6. c3 a6 7. Bf1 Bg7 8. d4 cxd4 9. cxd4 0-0 10. h3 Bd7 11. Nc3 e6 12. Bf4 d5 13. exd5 exd5 14. Bg5 Be6 15. a3 Qb6 16. Qd2 Rad8 17. Na4 Qc7 18. Nc5 Rfe8 19. Bf4 Qc8 20. Rac1 Bf5 21. Ne5 Ne4 22. Nxe4 Bxe4 23. Nxc6 bxc6 24. Bh6 Qb7 25. Bxg7 Kxg7 26. Qc3 Rc8 27. f3 Bf5 28. Rxe8 Rxe8 29. Qxc6 Qxb2 30. Qc3 Qxc3 31. Rxc3 Re1 32. Rc5 Bd3 33. Kf2 Rxf1+ 34. Ke3 Bc4 35. Kf4 Rd1 36. Ke3 Rd3+ 37. Kf4 Rxd4+ 38. Ke5 Rd1 39. Rc7 Rg1 40. g4 Rh1 41. Kf4 Rxh3 42. Rd7 Rh1 43. Re7 Ra1 44. Re3 d4 45. Re4 d3 46. Ke3 Bb5 47. Kd2 Rxa3 48. Re1 Ra2+ 49. Kc3 d2 50. Rd1 a5 51. Rxd2 Rxd2 52. Kxd2 h5 53. gxh5 gxh5 54. Kc3 h4 55. Kd2 h3 56. Ke1 h2 57. Kf2 h1Q 0-1